Negociaȯ̂ Coletiva de Trabalho com o Comit ̊de Representantes dos Trabalhadores da Empresa

Detalles Bibliográficos
Autor principal: Chagas Soares, Rodrigo
Formato: Libro
Lenguaje:portugués
Publicado: Sô Paulo LTR Editora 2015
Materias:
Acceso en línea:Acceso restringido

MARC

LEADER 00000nam a22000007a 4500
005 20151022122041.0
007 cr|||| ||u|
008 151022s2015 bl ||||| |||| 00||0 por d
020 |a 978-85-361-8528-6 
035 |a 12894 
040 |a vLex 
090 |c 5613  |d 5613 
100 1 |a Chagas Soares, Rodrigo 
245 1 0 |a Negociaȯ̂ Coletiva de Trabalho com o Comit ̊de Representantes dos Trabalhadores da Empresa  |h [Recurso electrn̤ico] /  |c Rodrigo Chagas Soares 
256 |a Servicio en ln̕ea  
260 |a Sô Paulo  |b LTR Editora  |c 2015 
300 |a 1 recurso electrn̤ico 
506 1 |a Contenido solo disponible en los productos indicados  |d vLex Global  |d vLex Global (Academic Edition, excluding Law Schools)  |d vLex Global (U.S. Academic Edition, Law Schools)  |d vLex Global (U.S. Academic Edition, excluding Law Schools)  |d vLex Global (Academic Edition, Law Schools) 
650 0 4 |a Comites de empresa  |z Brasil  
740 0 |a vLex libros (servicio en ln̕ea) 
856 4 0 |u http://vlex.com/source/negocia-o-coletiva-trabalho-12894  |z Acceso restringido 
942 |c BOOK 
999 0 |a Works councils